Statistics for World Capitals Ending with A

Click here to take the quiz!

General Stats

  • This quiz has been taken 3,462 times
  • The average score is 40 of 49

Answer Stats

Answer% Correct
Canberra
93%
Brasilia
92%
Ottawa
92%
Abuja
90%
Accra
89%
Ankara
89%
Riga
89%
Jakarta
88%
Bogota
87%
Lima
87%
Bratislava
86%
Havana
86%
Juba
85%
Luanda
85%
Pretoria
85%
Valletta
85%
Vienna
85%
Addis Ababa
84%
Andorra la Vella
84%
Apia
84%
Asmara
84%
Manila
84%
Lusaka
83%
Sofia
83%
Tirana
83%
Astana
82%
Sana'a
81%
Dhaka
80%
Kampala
80%
Kinshasa
80%
Managua
80%
Manama
80%
Praia
80%
Pristina
80%
Suva
80%
Doha
79%
Podgorica
79%
Ljubljana
78%
Dodoma
77%
Nicosia
76%
Victoria
76%
Tegucigalpa
74%
Honiara
73%
Monrovia
71%
Port Vila
71%
South Tarawa
68%
Nuku'alofa
66%
N'Djamena
63%
Bujumbura
60%

Score Distribution

Percentile by Number Answered

Percent of People with Each Score

Your Score History

You have not taken this quiz